Statistics for Milwaukee Bucks All-NBA Players

Click here to take the quiz!

General Stats

  • This quiz has been taken 111 times
  • The average score is 7 of 10

Answer Stats

Player% Correct
Giannis Antetokounmpo
100%
Kareem Abdul-Jabbar
96%
Ray Allen
88%
Oscar Robertson
81%
Sidney Moncrief
74%
Michael Redd
68%
Andrew Bogut
46%
Marques Johnson
45%
Vin Baker
45%
Terry Cummings
41%

Score Distribution

Percentile by Number Answered

Percent of People with Each Score

Your Score History

You have not taken this quiz